| 000 | 01000nam a2200217Ia 4500 | ||
|---|---|---|---|
| 001 | b3703-26154 [5173] | ||
| 003 | IT-MiCISF | ||
| 008 | 161014s9999||||xx |||||||||||||| ||und|| | ||
| 040 |
_aIT-MiCISF _cIT-MiCISF |
||
| 041 | _ait | ||
| 100 | _aGiommi Roberta (a cura di) | ||
| 245 | 0 |
_aLe paure del sesso. L'impotenza, la menopausa, la violenza sessuale, prevenzione e terapia _bAtti del congresso dell'Istituto internazionale di sessuologia, Firenze, 1994 |
|
| 250 | _a1a ed. | ||
| 260 |
_a Tirrenia (PI) _bEdizioni del Cerro _c1995 |
||
| 300 | _app. 583 | ||
| 500 | _aMaffei C., Orlandini A., Clerici S., Montorsi F., Isidori A., Clerici S., Natali A., Beretta G., Zanollo A., Saltarelli O., D'Ottavio G., De Ruvo E., Platone A., toscana C., etc.. / sessualità, problemi-sessualità, terapia, menopausa, abuso-sessuale, educazione-sessuale, anziani, adolescenza, scuola / | ||
| 650 | _asessualità | ||
| 700 | _aPerrotta Marcello (a cura di) | ||
| 942 | _cBK | ||
| 957 | _71 | ||
| 999 |
_a26154 _bsi _g1 _c213640 _d213640 |
||